000 00542nam a2200181 i 4500
001 28310
003 ES-MaACL
005 20250710063338.0
007 t|
008 030117s1912 fr ||||1| fre d
100 1 _aBanville, Théodore,
_d1823-1891
_9125795
245 1 0 _aChoise de poésies /
_cThéodore de Banville ; preface par Charles Morice.
260 _aParís :
_bE. Fasquelle,
_c1912.
300 _aXXVII, 323 p. ;
_c19 cm.
700 1 _aMorice, Charles.
_983545
852 _aES-MaACL
_jG-3411
999 _c28310
_d28310